MARC details
| 000 -LEADER |
| fixed length control field |
02033cas a2200445 i 4500 |
| 003 - CONTROL NUMBER IDENTIFIER |
| control field |
CSPC |
| 005 - DATE AND TIME OF LATEST TRANSACTION |
| control field |
20260116100302.0 |
| 008 - FIXED-LENGTH DATA ELEMENTS--GENERAL INFORMATION |
| fixed length control field |
100125c1983 ph qr p 0 a0eng |
| 010 ## - LIBRARY OF CONGRESS CONTROL NUMBER |
| LC control number |
58041400 |
| 016 7# - NATIONAL BIBLIOGRAPHIC AGENCY CONTROL NUMBER |
| Record control number |
101086710 |
| Source |
DNLM |
| 022 ## - INTERNATIONAL STANDARD SERIAL NUMBER |
| International Standard Serial Number |
0031-7675 |
| 040 ## - CATALOGING SOURCE |
| Original cataloging agency |
CSPC |
| Language of cataloging |
eng |
| Transcribing agency |
CSPC |
| Description conventions |
rda |
| 042 ## - AUTHENTICATION CODE |
| Authentication code |
pcc |
| -- |
nsdp |
| 050 00 - LIBRARY OF CONGRESS CALL NUMBER |
| Classification number |
JA26 |
| Item number |
.P5 |
| 245 00 - TITLE STATEMENT |
| Title |
Philippine journal of public administration. |
| 264 #1 - PRODUCTION, PUBLICATION, DISTRIBUTION, MANUFACTURE, AND COPYRIGHT NOTICE |
| Place of production, publication, distribution, manufacture |
Manila : |
| Name of producer, publisher, distributor, manufacturer |
College of Public Administration, University of the Phippines, |
| Date of production, publication, distribution, manufacture, or copyright notice |
1983. |
| 300 ## - PHYSICAL DESCRIPTION |
| Extent |
volumes : |
| Other physical details |
illustrations ; |
| Dimensions |
26 cm. |
| 336 ## - CONTENT TYPE |
| Content type term |
text |
| Content type code |
txt |
| Source |
rdacontent |
| 337 ## - MEDIA TYPE |
| Media type term |
unmediated |
| Media type code |
n |
| Source |
rdamedia |
| 338 ## - CARRIER TYPE |
| Carrier type term |
volume |
| Carrier type code |
nc |
| Source |
rdacarrier |
| 362 ## - DATES OF PUBLICATION AND/OR SEQUENTIAL DESIGNATION |
| Dates of publication and/or sequential designation |
Volume 27, Number 3 |
| 362 ## - DATES OF PUBLICATION AND/OR SEQUENTIAL DESIGNATION |
| Dates of publication and/or sequential designation |
Volume 27, Number 4 |
| 490 #1 - SERIES STATEMENT |
| Series statement |
Journal of the College of Public Administration, University of the Philippine and the Philippines Society for Public Administration. |
| 504 ## - BIBLIOGRAPHY, ETC. NOTE |
| Bibliography, etc. note |
Includes bibliographical references. |
| 521 ## - TARGET AUDIENCE NOTE |
| Target audience note |
Bachelor of Public Administration BPA |
| 650 #0 - SUBJECT ADDED ENTRY--TOPICAL TERM |
| Topical term or geographic name entry element |
Public administration |
| Form subdivision |
Periodicals. |
| 650 #7 - SUBJECT ADDED ENTRY--TOPICAL TERM |
| Topical term or geographic name entry element |
Politics and government |
| Source of heading or term |
fast |
| Authority record control number or standard number |
(OCoLC)fst01919741 |
| 650 #7 - SUBJECT ADDED ENTRY--TOPICAL TERM |
| Topical term or geographic name entry element |
Public administration. |
| Source of heading or term |
fast |
| Authority record control number or standard number |
(OCoLC)fst01081976 |
| 650 #7 - SUBJECT ADDED ENTRY--TOPICAL TERM |
| Topical term or geographic name entry element |
Economic development |
| Geographic subdivision |
Philippines. |
| 651 #0 - SUBJECT ADDED ENTRY--GEOGRAPHIC NAME |
| Geographic name |
Philippines |
| General subdivision |
Politics and government |
| Form subdivision |
Periodicals. |
| 651 #7 - SUBJECT ADDED ENTRY--GEOGRAPHIC NAME |
| Geographic name |
Philippines. |
| Source of heading or term |
fast |
| Authority record control number or standard number |
(OCoLC)fst01205261 |
| 655 #7 - INDEX TERM--GENRE/FORM |
| Genre/form data or focus term |
Periodicals. |
| Source of term |
fast |
| Authority record control number or standard number |
(OCoLC)fst01411641 |
| 655 #7 - INDEX TERM--GENRE/FORM |
| Genre/form data or focus term |
Periodicals. |
| Source of term |
lcgft |
| Authority record control number or standard number |
http://id.loc.gov/authorities/genreForms/gf2014026139 |
| -- |
(uri) http://id.loc.gov/authorities/genreForms/gf2014026139 |
| 700 1# - ADDED ENTRY--PERSONAL NAME |
| Personal name |
Catilo Ma. Aurora C., |
| Relator term |
editor. |
| 710 2# - ADDED ENTRY--CORPORATE NAME |
| Corporate name or jurisdiction name as entry element |
University of the Philippines. |
| Subordinate unit |
College of Public Administration. |
| 710 2# - ADDED ENTRY--CORPORATE NAME |
| Corporate name or jurisdiction name as entry element |
University of the Philippines. |
| Subordinate unit |
Institute of Public Administration. |
| 710 2# - ADDED ENTRY--CORPORATE NAME |
| Corporate name or jurisdiction name as entry element |
University of the Philippines. |
| Subordinate unit |
Graduate School of Public Administration. |
| 942 ## - ADDED ENTRY ELEMENTS (KOHA) |
| Source of classification or shelving scheme |
Dewey Decimal Classification |
| Suppress in OPAC |
No |
| Koha item type |
Serials |
| Classification part |
350/.0005 |
| Call number prefix |
SER |
| Call number suffix |
1983 |
| Item part |
P538 |